Missing Word: 'T' History Figures Quiz Stats

 Plays Quiz Updated Aug 20, 2016

Challenge
Share
Tweet
Embed
Score 0/24 Timer 04:00
1 Play Today
Historical Figure Missing Word % Correct
Margaret ______Thatcher
98.5%
______ EdisonThomas
98.4%
______ RooseveltTheodore
98.2%
King ______Tutankhamun
98.2%
Harry S. ______Truman
97.4%
Mother ______Teresa
96.7%
Mark ______Twain
92.7%
______ BlairTony
92%
J.R.R. ______Tolkien
90.1%
Leo ______Tolstoy
89.4%
Desmond ______Tutu
88.3%
Harriet ______Tubman
86.7%
Historical Figure Missing Word % Correct
Nikola ______Tesla
84.7%
______ MorrisonToni
74.4%
Leon ______Trotsky
72.1%
______ MarshallThurgood
66.2%
Pyotr Ilyich ______Tchaikovsky
55.6%
Josip Broz ______Tito
51.4%
Sun ______Tzu
38.3%
______ BraheTycho
34.5%
______ NorgayTenzing
30.8%
______ GracchusTiberius
23.3%
______ LouvertureToussaint
20.8%
Charles ______Taylor
17.4%

Today's Daily Dose

You're not logged in!

Compare scores with friends on all Sporcle quizzes.
Join for Free
OR
Log In

You Might Also Like...

Show Comments

Extras

Top Quizzes Today


Score Distribution

Your Account Isn't Verified!

In order to create a playlist on Sporcle, you need to verify the email address you used during registration. Go to your Sporcle Settings to finish the process.

Report this User

Report this user for behavior that violates our Community Guidelines.

Details: